| 000 | 02408cam a2200289 4500500 | ||
|---|---|---|---|
| 005 | 20260329012517.0 | ||
| 041 | _afre | ||
| 042 | _adc | ||
| 100 | 1 | 0 |
_aDoussot, Sylvain _eauthor |
| 700 | 1 | 0 |
_aRavachol, Denise Orange _eauthor |
| 245 | 0 | 0 | _aDiscussion comparative entre didactique des SVT et didactique de l’histoire au sein d’un cadre théorique commun |
| 260 | _c2026. | ||
| 500 | _a52 | ||
| 520 | _aLes deux auteurs comparent la didactique de l’histoire et celle des sciences de la vie et de la Terre (SVT), dans le cadre théorique commun de l’apprentissage par problématisation. Histoire et géologie partagent une même logique d’enquête visant à reconstituer le passé à partir de traces, tout en présentant des différences épistémologiques : les sources historiques sont discursives et intentionnelles, tandis que les traces géologiques sont matérielles et muettes. Ces divergences structurent des registres explicatifs distincts (configurations historiographiques en histoire, paradigmes en sciences de la Terre). L’étude des pratiques d’enquête en classe met en évidence des obstacles communs : difficultés des élèves à articuler faits, temps long et causalité. | ||
| 520 | _aThe two authors compare the teaching of history and that of life and Earth sciences within the common theoretical framework of problem-based learning. Geology and history share the same investigative logic, which aims to reconstruct the past from traces, while presenting epistemological differences: historical sources are discursive and intentional, while geological traces are material and silent. These differences structure distinct explanatory registers (historiographical configurations in history, paradigms in Earth sciences). The study of investigative practices in the classroom highlights common obstacles: students’ difficulties in articulating facts, long time frames and causality. | ||
| 690 | _aapprentissage par problématisation | ||
| 690 | _agéologie historique | ||
| 690 | _ahistoire | ||
| 690 | _atraces | ||
| 690 | _abased learning | ||
| 690 | _ahistorical geology | ||
| 690 | _ahistory | ||
| 690 | _aproblem | ||
| 690 | _atraces | ||
| 786 | 0 | _nÉducation & didactique | - | 1 | 2026-03-27 | p. 33-42 | 1956-3485 | |
| 856 | 4 | 1 | _uhttps://shs.cairn.info/revue-education-didactique-2026-1-page-33?lang=fr&redirect-ssocas=7080 |
| 999 |
_c1871729 _d1871729 |
||